000 00394cam a22001217a 4500
008 180718b1977 xxu||||| |||| 00| 0 eng d
082 _aA75 An24NE
245 _aAndhra Pradesh district gazetteers: Nellore
_cedited by M.V. Rajagopal
260 _aHyderabad
_bAndhra Pradesh District Gazetteers
_c1977
300 _a402+p. (rev. edn.)
650 _aNellore - Gazetteers
700 _aRajagopal, M.V.
999 _c486859
_d486859